[Event "Nancy-A 10th"]
[Site "Nancy"]
[Date "2012.02.20"]
[Round "1"]
[White "Sokolov, Ivan"]
[Black "Edouard, Romain"]
[Result "1/2-1/2"]
[WhiteElo "2641"]
[BlackElo "2616"]
[Annotator "Edouard,R"]
[PlyCount "131"]
[EventDate "2012.02.20"]
[EventType "tourn"]
[EventRounds "10"]
[EventCountry "FRA"]
[EventCategory "16"]
[SourceTitle "CBM 147"]
[Source "ChessBase"]
[SourceDate "2012.03.16"]
[SourceVersion "1"]
[SourceVersionDate "2012.03.16"]
[SourceQuality "1"]

1. d4 d5 2. Nf3 Nf6 3. c4 dxc4 4. e3 e6 5. Bxc4 a6 6. Nc3 c5 7. Bd3 Nbd7 $5 8.
O-O b6 $5 {In this kind of positions, the white knight is normally on b1,
which allows White to go e4-e5 easily (...cxd4 will not be attacking anything).
} (8... b5 9. a4 b4 10. Ne4 Bb7 {would transpose to some sort of Meran, a
position where it's not even possible to compare my opponent's experience and
mine.}) 9. Qe2 Bb7 10. Rd1 Qb8 $5 {The most natural move, since the white
queen's rook will most of the time move to c1.} (10... Qc7 {also made sense:
when the white rook reaches the c1 square, then the black queen can move to b8,
while White will have played natural but not so ambitious moves.}) (10... b5 $5
{is another possibility, now that the white knight cannot move to e4.}) 11. h3
$1 {White is waiting for ...Be7 or ...Bd6 before taking on c5, and plays a
useful move since with the black bishop on c5, e4 would be met by ...Ng4!.} Be7
12. dxc5 (12. Bc2 {was another alternative, in order to avoid simplifications
with 13...Nce4 like in the game. However, after} O-O 13. dxc5 Bxc5 14. e4 b5 {
White was too slow and I believe Black has no problem at all since e5 is
always met by ...Bxf3.}) 12... Nxc5 (12... Bxc5 $5 13. e4 O-O {with the idea
of playing .. .b5 was also fine, since thanks to the knight on d7, e5 is very
rarely a threat.}) 13. Bc2 Nce4 $5 ({I didn't like} 13... O-O {because of} 14.
e4 b5 15. e5 $1 Nd5 (15... Bxf3 $2 16. gxf3 {and Black has problems to reach a
decent setup.}) 16. Ne4 {and even though Black should be more or less OK, I
believe White's position is easier to play, due to some forthcoming pressure
on the black king.}) 14. Nxe4 (14. Na4 $2 {makes no sense at all because of}
Qc7 {and Black is more than fine.}) 14... Nxe4 15. Nd2 $5 (15. Rd4 {was the
other alternative, but after} Nf6 16. e4 Bc5 17. Rd1 O-O {I don't think Black
has any problem since after} 18. e5 $6 Bxf3 19. gxf3 Nd5 {Black is absolutely
fine.}) 15... Nf6 16. e4 (16. b3 $5 {was probably a better try, and Black has
two ways to get close to equality:} Qe5 $5 (16... O-O 17. Bb2 Rd8 {is also
possible.}) 17. Rb1 Qg5 18. e4 Qg6 $5 {with the idea of ...0-0, ...Rc8 and it
seems White cannot easily play e5.}) 16... Qc7 17. Nf1 $6 {The only way to be
able to play e5.} (17. Nf3 {was probably best objectively speaking, but it's
clear that after} O-O {Black would have no problem at all since} 18. e5 $6 {
is met by} Bxf3 $1) 17... O-O 18. e5 Nd5 19. a3 b5 ({Something like} 19... Rac8
20. Bd3 f6 $5 21. exf6 Rxf6 {would also make sense, since Black's very active
pieces compensate for the weak pawn on e6.}) 20. Nh2 b4 (20... Rac8 $5 21. Bd3
Nb6 22. Bf4 Rfd8 {was also possible. I don't think White can launch such a
dangerous attack.}) 21. a4 {Necessary.} Qc6 $5 22. Qe4 (22. Nf3 {was also
possible, but of course White would have liked to go Bd3 and Qg4 before going
Nf3.}) 22... f5 $1 {The simplest. White has to enter a roughly equal endgame
but a pleasant one for Black.} 23. exf6 Nxf6 24. Qxc6 Bxc6 25. Re1 (25. Be3 {
was probably the most solid move, with an approximately equal position.}) (25.
Bb3 Bd5 {is pleasant for Black.}) 25... Bd5 26. Be3 $6 (26. Nf1 Rac8 27. Bd3 a5
{is good for Black, since} 28. Ne3 {is met by} Bb3 $1) (26. Nf3 {might be the
soundest, and White should equalise without real problems.}) 26... Rfc8 27.
Rac1 Nd7 $1 28. Nf3 $6 (28. Bd3 Rxc1 (28... Nc5 29. Bxc5 Bxc5 30. Nf3 $11) 29.
Rxc1 Bf6 30. Rb1 Ne5 31. Be2 a5 {is unpleasant for White, due to the activity
of the black pieces.}) 28... Bf6 $1 29. Bd4 $8 (29. Nd4 $2 Rc4 {followed by ...
Rac8 would be very problematic for White.}) (29. Bd3 $2 Rxc1 30. Bxc1 (30. Rxc1
Bxb2 $19) 30... Nc5 {is crushing.}) 29... Bxf3 $6 {The most natural move, but
not the best one.} ({After} 29... b3 $1 30. Bxf6 gxf6 {followed by ...Nc5, it
doesn't seem clear to me how White can hold the game.}) 30. Bxf6 gxf6 31. gxf3
Nc5 32. a5 Kf7 33. Re2 Nd3 $6 {Tempting but too ambitious.} (33... f5 {was
necessary. Black would be better for sure, but after} 34. Kf1 {but contrary to
appearances, it is not easy for Black to improve the position without
conceding important counterplay.}) 34. Rd1 Nf4 35. Red2 f5 36. Bb3 Kf6 $138 (
36... Rg8+ {was natural and normal, but after} 37. Kf1 (37. Kh2 $5) 37... Nxh3
38. Rd4 $1 {White has enough counterplay to make a draw.}) 37. Kf1 Rg8 38. Rd6
$5 (38. Rd4 Nxh3 39. Rh4 Ng5 {and White can either take on b4 or start Ke2,
with an approximately equal position.}) 38... Ra7 $6 {After this move both my
opponent and I considered almost only 39.Re1, but after 39.R6d4!, which is not
so natural after having gone Rd6, White would be able to create some pressure
now that the black rooks are not linked any longer.} 39. Re1 $6 $138 (39. R6d4
$1 Nxh3 40. Rh4 {and all of a sudden White's position becauses more pleasant,
though after} Rg1+ (40... Ng5 41. Ke2 $36) 41. Ke2 Rxd1 42. Bxd1 Ng5 43. Rxb4
h5 {Black should surely escape without huge problems.}) (39. R1d4 $2 Ke5 $17)
39... Rag7 40. Rexe6+ Nxe6 41. Rxe6+ Kg5 42. Rxa6 Rc8 43. Rb6 Rc1+ 44. Ke2 Re7+
45. Kd2 (45. Kd3 $1 {seemed like inferior to me during the game, but it seems
like the position is a draw. I have nothing more to explain since according to
the engine White doesn't have to do anything brilliant to make it! Of course}
Rd7+ 46. Ke2 Rb1 {is met by} 47. f4+ {followed by Rxb4+ and Bc2, while} Kh5 $2
{is very bad due to} 48. Be6 Rxb2+ 49. Kf3 {and Black has huge problems.})
45... Rf1 46. f4+ $1 (46. h4+ Kxh4 47. Rxb4+ Kg5 {seems even more dangerous
for White since the h-pawn will run rather fast.}) 46... Kxf4 47. Rxb4+ Re4 {
Now we reach an extremely interesting endgame. Both sides have to evaluate
what exchanges and what captures are possible, depending on the strength of
the a- and b-pawns in the different lines.} 48. Bc4 $5 ({After} 48. Rxe4+ {
(maybe the best)} fxe4 49. a6 $1 ({We both mainly considered} 49. Bc4 {while
after} Rxf2+ 50. Be2 Ke5 $1 {...Kd4 would come and White would most probably
be losing.} 51. Ke3 $6 Rh2 $19) 49... Rxf2+ 50. Kc3 $1 {it seems like White
can make a draw:} Ke5 51. Bc4 Rf3+ 52. Kb4 Kd6 53. a7 $1 Rf8 54. Ka5 Kc7 55. b4
(55. Bd5 $5 e3 56. Bf3 $1 {is about the same.}) 55... Kb7 (55... e3 56. Ba6 $1)
56. Bd5+ Kxa7 57. Bxe4 {and of course that kind of endings are drawn.}) 48...
Ra1 $1 (48... Rxf2+ $6 49. Kc3 {and White has enough counterplay.}) 49. f3 Kxf3
50. Bd5 Rxa5 51. Bb7 Rc5 $2 {A tremendous mistake, giving away an important
tempo without any reason. I not only overlooked the move 58.Ke2! played in the
game, but also realised right after playing that 52.Rb6 would draw at once. My
strong and experienced opponent knew that this moment was the best chance I
had to try to win the game, but I simply didn't realise it and started to lose
concentration, thinking all moves were the same for some crazy reason!} (51...
Rae5 $1 52. Bxe4+ $1 (52. Kd3 Re7 53. Bc6 R7e6 $1 (53... Rd7+ $6 54. Bxd7 Rxb4
55. Bxf5 h5 56. Kc3 $11) 54. Bb7 Rd6+ {followed by ...Kf4 should win.}) (52.
Rb6 Kg3 $1 53. Bxe4 Rxe4 {and it is very difficult (maybe impossible) to make
a draw with White, since the h-pawn is untouchable.}) 52... fxe4 53. Rb7 $1 {
and White should make a draw, though a very precise defense will be required.
The main idea is that after} Rd5+ 54. Ke1 Ra5 {White can go} 55. Rf7+ Ke3 56.
Kf1 $1 {and for example after} h5 57. b4 Ra1+ 58. Kg2 h4 (58... Rb1 59. h4 $1
Rxb4 60. Rf5 {is a draw.}) 59. b5 Rb1 60. Rb7 Rb2+ (60... Ke2 61. b6 e3 62. Ra7
$5 Rxb6 63. Ra2+ {with a draw.}) 61. Kf1 Kf3 62. Rf7+ Kg3 63. Re7 {White holds.
}) 52. Kd3 (52. Rb6 $1 $11) 52... Rce5 53. Rd4 $1 Re7 54. Bc6 Kf4 55. Bxe4
fxe4+ 56. Ke2 Rg7 57. Kf2 Rc7 58. Ke2 $1 {The position is suddenly a clear
draw.} Rg7 59. Kf2 Rb7 60. b4 Ra7 61. Ke2 Rg7 62. Kf2 Ra7 63. Ke2 Ra3 64. Rd7
Rxh3 65. Rf7+ Ke5 66. b5 1/2-1/2

[Event "Saint Louis Spring-A"]
[Site "Saint Louis"]
[Date "2018.03.09"]
[Round "4"]
[White "Shankland, Samuel L"]
[Black "Edouard, Romain"]
[Result "1/2-1/2"]
[WhiteElo "2668"]
[BlackElo "2612"]
[Annotator "Edouard,R"]
[PlyCount "71"]
[EventDate "2018.03.06"]
[EventType "tourn"]
[EventRounds "9"]
[EventCountry "USA"]
[EventCategory "17"]
[SourceTitle "CBM 184"]
[Source "ChessBase"]
[SourceDate "2018.05.16"]
[SourceVersion "1"]
[SourceVersionDate "2018.05.16"]
[SourceQuality "1"]

1. d4 d5 2. c4 dxc4 3. Nf3 Nf6 4. e3 e6 5. Bxc4 c5 6. O-O a6 7. Nc3 b5 8. Be2
Nbd7 (8... Bb7 9. dxc5 $1 {is known to be slightly favourable for White.
Recently Black tried to equalise with} Nc6 {following in Carlsen's footsteps,
but Black fails to equalise as well as Wojtazsek and Wei Yi prove:} 10. Qc2 (
10. Nd2 $6 Bxc5 11. Nde4 Nxe4 12. Nxe4 Be7 $36 {½-½ (33) Karjakin,S (2772)
-Carlsen,M (2853) New York USA 2016}) 10... Nb4 11. Qb3 Bxc5 12. Rd1 Qb8 (12...
Qe7 13. a4 O-O 14. axb5 axb5 15. Rxa8 Rxa8 16. Bd2 h6 17. Be1 $14 {½-½ (51)
Wojtaszek,R (2745)-Ponomariov,R (2692) Linares ESP 2017}) 13. a4 bxa4 14. Qxa4+
Bc6 15. Qa5 Be7 16. Ra3 $1 Nc2 $2 (16... O-O 17. Rb3 $14) 17. Ne5 Bb4 18. Rb3
$18 {1-0 (46) Wei Yi (2743)-Navara,D (2740) Yancheng CHN 2018}) 9. d5 exd5 10.
Nxd5 Bb7 11. Nxf6+ Qxf6 12. a4 b4 13. e4 h6 $5 $146 {A tricky idea!} (13... Be7
{is the normal move. White is on the slightly better side, but it should be a
draw:} 14. Re1 (14. Bc4 Bxe4 $1 15. Bg5 Bxf3 16. Bxf6 Bxd1 17. Bxe7 Be2 18.
Bxe2 Kxe7 19. Rfe1 Kd6 $11 {[%cal Yd6c7,Yh8e8]}) (14. Qc2 Qg6 15. Bd3 O-O 16.
e5 Qh5 $13) (14. Bg5 Qe6 15. Rc1 Bxg5 16. Nxg5 Qe7 17. f4 h6 18. Nf3 Rd8 $132 {
1-0 (58) Moiseenko,A (2648)-Kasimdzhanov,R (2703) KAZ 2016}) 14... Ne5 (14...
Rd8 15. Qb3 $1 {is slightly annoying.}) 15. Nxe5 Qxe5 16. Bc4 (16. f4 Qe6 17.
Bg4 Qc6 18. Be3 O-O $13) (16. Qc2 O-O 17. Bc4 Rfd8 18. Qb3 Qf6 19. f3 Bd6 20.
Be3 a5 $13) 16... O-O 17. Qd7 (17. f4 Qf6 18. e5 Qg6 19. Qe2 Rad8 20. Be3 a5
$132) 17... Bc8 18. Qd5 Qxd5 19. exd5 (19. Bxd5 Ra7 20. Be3 Be6 21. Red1 Bxd5
22. exd5 Rd7 23. Rac1 Rc8 24. b3 g5 $11) 19... Bd6 $11 {/+/=}) 14. Ra2 $5 {
Played a tempo by Sam Shankland - there went my hopes to surprise my opponent,
although I knew I had this move somewhere in my notes.} (14. Nd2 Rd8 15. f4 Bd6
$5 16. e5 Nxe5 17. fxe5 Qxe5 18. g3 Qe3+ 19. Rf2 Bxg3 20. hxg3 Qxg3+ 21. Kf1
Qh3+ 22. Ke1 Qh1+ 23. Bf1 O-O $44 {is among the tricky lines!}) (14. e5 Qc6
$132) (14. Qc2 Bd6 15. Rd1 (15. Be3 O-O 16. Nd2 Bf4 17. Bxf4 Qxf4 18. g3 Qf6
19. Rad1 Rad8 20. f4 Qd4+ 21. Rf2 c4 $1 $11) 15... Rd8 16. Be3 O-O 17. Nd2 Rfe8
$5 18. f3 Nf8 19. Nb3 Ne6 20. Bc4 Bc8 21. Bxe6 Bxe6 22. Nxc5 Bxc5 23. Bxc5
Rxd1+ 24. Qxd1 Rd8 25. Qe2 Rc8 26. Be3 a5 $44) 14... Rd8 (14... O-O-O $5 {
may be right, although it looks risky at first. At least at a high depth
Houdini gives 0.00!} 15. b3 Bd6 16. Be3 Bc7 17. Nd2 Kb8 18. Rc2 Rhe8 $13) 15.
b3 Ne5 16. Rd2 Nxf3+ 17. Bxf3 Rxd2 18. Bxd2 {Not the most challenging move,
but Black is probably fine anyway.} (18. Qxd2 Be7 19. Bb2 Qg6 20. Qf4 (20. Re1
Bc8 $1 $132) 20... O-O $1 $11 21. Qc7 $2 Bxe4 $17) 18... Be7 19. Be3 Qe6 20.
Bg4 Qc6 21. Be2 O-O ({I missed the right move} 21... c4 $1 22. bxc4 (22. Bxc4
Qxe4 $11) 22... O-O {with obvious compensation!}) 22. f3 Bc8 23. Bc4 Be6 24.
Qe2 Rd8 25. Rc1 Qd6 26. g3 $6 {After this move the game is just a draw.} (26.
Bxe6 Qxe6 27. Qc4 Qxc4 28. Rxc4 Rd3 29. Bxc5 Bxc5+ 30. Rxc5 Rxb3 31. Ra5 Ra3
32. Rxa6 {and White will get a 4 vs 3 endgame, although Black's active rook
should guarantee a very easy draw.}) 26... Bxc4 (26... Bf6 $5 $13) (26... h5 $5
$13) 27. Qxc4 Qd3 28. Kf2 Qxc4 29. Rxc4 Rd3 30. Bxc5 Bxc5+ 31. Rxc5 Rxb3 32.
Ra5 Rb2+ 33. Ke3 Rxh2 34. Rxa6 b3 35. Rb6 Ra2 36. Rxb3 1/2-1/2

[Event "Dubai op 16th"]
[Site "Dubai"]
[Date "2014.04.09"]
[Round "3"]
[White "Kotsur, Pavel"]
[Black "Edouard, Romain"]
[Result "0-1"]
[WhiteElo "2557"]
[BlackElo "2670"]
[Annotator "Edouard,R"]
[PlyCount "92"]
[EventDate "2014.04.07"]
[EventType "swiss"]
[EventRounds "9"]
[EventCountry "UAE"]
[SourceTitle "CBM 160"]
[Source "ChessBase"]
[SourceDate "2014.05.15"]
[SourceVersion "1"]
[SourceVersionDate "2014.05.15"]
[SourceQuality "1"]

1. Nf3 d5 2. d4 Nf6 3. c4 e6 4. Nc3 c5 5. e3 a6 $5 6. a3 dxc4 $5 {Transposing
to a good version of the QGA for Black.} 7. Bxc4 b5 8. Ba2 Bb7 9. O-O Be7 (9...
Nbd7 $5 {is also critical.}) 10. dxc5 Bxc5 11. Qe2 $5 (11. Qxd8+ Kxd8 {should
be completely nothing for White, as it looks like some sort of very improved
version of the 7.dxc5 line in the main QGA.}) 11... Nbd7 12. e4 Qb8 $1 (12...
O-O $2 {would allow} 13. e5 Bxf3 14. gxf3 $16) 13. Bg5 O-O 14. Rad1 Rc8 $5 {
Freeing the f8-square for the d7-knight (or even for the dark-squared bishop
sometimes).} (14... Ne5 $6 {would always be dubious due to} 15. Bf4 $14) 15.
Bh4 (15. Bb1 {seemed critical to me during the game, and I was calculating
crazy lines like:} Bxa3 $6 (15... Qc7 $5 {or}) (15... Bd6 $5 $11 {are much
safer.}) 16. e5 (16. Bxf6 Nxf6 17. e5 Bxf3 18. gxf3 Bxb2 $1 19. Qxb2 Qxe5 $13)
16... Bxf3 17. gxf3 Qxe5 (17... Nxe5 18. Bf4 Bd6 19. Rxd6 Qxd6 20. Bxe5 Qe7 21.
Kh1 $36) 18. Bxf6 gxf6 {but here it seems} 19. Ne4 $1 {is posing some problems.
}) 15... Nf8 $1 16. Bg3 Qa7 17. Bd6 (17. e5 Nh5 18. Ne4 Rd8 $132) 17... Ng6 18.
Bb1 Bxd6 19. Rxd6 Qc5 20. Rfd1 $6 (20. Rd2 {was safer. Black's position is
slightly more pleasant but it should be just equal.}) 20... Nd5 $1 21. Nxd5
Bxd5 22. Rd7 (22. e5 $5 Bxf3 23. Qxf3 Qxe5 {would have been better for Black,
but very drawish due to White's very active rooks.}) 22... Qc6 23. R7xd5 (23.
Rxf7 $2 Bc4 $19) 23... exd5 24. exd5 Qd6 25. g3 (25. Ng5 Qf4 $15) 25... Rc5 $1
{Disorganising White's setup a bit.} 26. Ng5 $2 {A blunder in a time trouble,
just losing the game.} (26. Qe4 Rd8 27. Ba2 Rcc8 {is for sure better for Black,
but not that easy to break.}) 26... Rxd5 27. Rxd5 Qxd5 28. h4 (28. Be4 Re8 29.
Qh5 Rxe4 $19) 28... Rd8 29. Bc2 Qc4 $5 (29... h6 $19) 30. Qf3 Qxc2 (30... Ne5
$5) 31. Qxf7+ Kh8 32. Qe6 Rf8 33. Nf7+ Rxf7 34. Qxf7 Qc1+ 35. Kh2 Qc8 36. f4
Qf8 37. Qd5 Qf6 38. b4 Ne7 39. Qd7 Ng8 40. Kh3 Qa1 41. Qd3 Qh1+ 42. Kg4 Nf6+ (
42... Nh6+ $5 43. Kg5 Qh3 44. Qd8+ Ng8 $19) 43. Kf5 Qd5+ 44. Qxd5 Nxd5 45. Ke4
Nc3+ 46. Kd4 Nb1 0-1

[Event "Tata Steel-B 80th"]
[Site "Wijk aan Zee"]
[Date "2018.01.28"]
[Round "13"]
[White "Vidit, Santosh Gujrathi"]
[Black "Van Foreest, Jorden"]
[Result "1/2-1/2"]
[WhiteElo "2718"]
[BlackElo "2629"]
[Annotator "Fernandez,D"]
[PlyCount "47"]
[EventDate "2018.01.13"]
[EventType "tourn"]
[EventRounds "13"]
[EventCountry "NED"]
[EventCategory "15"]
[SourceTitle "CBM 183"]
[Source "ChessBase"]
[SourceDate "2018.03.14"]
[SourceVersion "1"]
[SourceVersionDate "2018.03.14"]
[SourceQuality "1"]
[TimeControl "40/6000+30:20/3000+30:900+30"]

1. d4 {[%emt 0:00:00]} d5 {[%emt 0:00:08]} 2. c4 {[%emt 0:00:15]} dxc4 {
[%emt 0:00:07] Possibly a psychological choice- White is unlikely to go for
the riskiest lines when a draw is so likely to give him first place.} 3. e3 {
[%emt 0:00:35]} Nf6 {[%emt 0:00:19]} (3... e5 4. Bxc4 exd4 5. exd4 Nf6 {
is a bit more imbalanced, thanks to the isolated queen's pawn.}) 4. Bxc4 {
[%emt 0:00:07]} e6 {[%emt 0:00:07]} 5. Nf3 {[%emt 0:00:10]} c5 {[%emt 0:00:06]}
6. O-O {[%emt 0:00:39]} Nc6 {[%emt 0:00:07]} (6... a6 {might have with
hindsight given Black a few perks, assuming White plays the endgame anyway,
and plays it in a similar style:} 7. dxc5 Bxc5 8. Qxd8+ Kxd8 9. Bd2 Ke7 $11 {
Black will set up with ...b5, ...Nbd7, ...Bb7. The position is equal.}) 7. Nc3
{[%emt 0:01:17]} a6 {[%emt 0:00:10]} 8. dxc5 {[%emt 0:00:25]} Qxd1 {[%emt 0:00:
11]} 9. Rxd1 {[%emt 0:00:04]} Bxc5 {[%emt 0:00:10]} 10. Bd2 {[%emt 0:00:06]}
O-O {[%emt 0:00:47]} (10... Ke7 {is less advisable here thanks to} 11. Bd3 $5
$14 {and Black faces a few problems completing development.}) 11. Rac1 {
[%emt 0:00:22]} Bd7 {[%emt 0:00:09]} 12. Be2 {[%emt 0:00:12] The idea is
clearly enough Na4-c5, but right now there is an issue with playing it, so
Black can safely ignore the idea.} (12. Ne2 Bb6 13. Bc3 {was more forcing, but
also didn't give much:} Rfd8 14. Ne5 Be8 $1 $11) 12... Rfd8 {[%emt 0:00:06]}
13. Na4 {[%emt 0:04:11]} Ba7 {[%emt 0:00:06]} 14. Be1 {[%emt 0:00:38]} (14. Nc5
Bxc5 15. Rxc5 Ne4 {equalises, unless White can somehow mount a convincing
claim that his opponent's bishop is genuinely bad.}) 14... Be8 {[%emt 0:08:04]}
15. Rxd8 {[%emt 0:09:57]} (15. Nc5 Rxd1 16. Bxd1 Rb8 $11) 15... Nxd8 {[%emt 0:
06:24]} 16. b3 {[%emt 0:00:28]} (16. Nc5 Rc8 $11) 16... Nd5 {[%emt 0:03:19]}
17. Kf1 {[%emt 0:00:41]} Nc6 {[%emt 0:15:52]} (17... Bb5 $5 {was most
principled, and would have been an interesting way for Black to remind his
opponent that the draw is subject to good play from both sides and is not a
God-given right.} 18. Ne5 (18. Bxb5 axb5 19. Nc3 Nxc3 20. Bxc3 f6 $132) 18...
f6 19. Nd3 Ne7 20. Nab2 Rc8 $11 {Black has kept his equality without making
any concessions.}) 18. Nc5 {[%emt 0:01:29]} Rb8 {[%emt 0:00:11]} 19. a3 {
[%emt 0:08:33]} Nce7 {[%emt 0:08:37]} 20. Ne5 {[%emt 0:08:26]} Rc8 {[%emt 0:07:
11]} 21. Ned3 {[%emt 0:00:33]} Rc7 {[%emt 0:02:03]} 22. b4 {[%emt 0:05:24]
Maybe not the most precise way to prosecute the advantage.} ({White could have
had something following} 22. e4 Nf6 23. f3 Bb5 24. Bg3 $1 $14) 22... Bxc5 {
[%emt 0:09:07]} 23. Rxc5 {[%emt 0:11:25]} Bb5 {[%emt 0:00:21]} 24. Rxc7 {
[%emt 0:07:36] Here the draw was agreed, so we assume White could not really
be bothered pressing but was fine to halve out as soon as the draw margin was
large enough for Black to completely forget about winning himself.} (24. e4
Bxd3 25. Bxd3 Rxc5 26. bxc5 Nf6 $132 {is probably not that dangerous for Black
anymore.}) 1/2-1/2

[Event "Kecskemet"]
[Site "Kecskemet"]
[Date "1990.??.??"]
[Round "6"]
[White "Groszpeter, Attila"]
[Black "Videki, Sandor"]
[Result "1-0"]
[WhiteElo "2545"]
[BlackElo "2440"]
[Annotator "Ftacnik,L"]
[PlyCount "43"]
[EventDate "1990.06.??"]
[EventType "tourn"]
[EventRounds "13"]
[EventCountry "HUN"]
[EventCategory "8"]
[SourceTitle "CBM 020"]
[Source "ChessBase"]
[SourceDate "1991.02.01"]
[SourceVersion "1"]
[SourceVersionDate "1991.02.01"]
[SourceQuality "1"]

1. d4 d5 2. c4 dxc4 3. e3 Nf6 4. Bxc4 e6 5. Nf3 c5 6. O-O a6 7. a4 Nc6 8. Qe2
cxd4 9. Rd1 Be7 10. exd4 O-O 11. Nc3 Nb4 12. Bg5 Nfd5 13. Bxe7 (13. Nxd5 Nxd5
14. Bxd5 Bxg5 15. Be4 Bf6 $10 {Tukmakov-Balashov/URS-ch/1985/}) 13... Nxe7 14.
Ne5 b6 (14... Bd7 $5) 15. Rac1 Bb7 $6 (15... Nbd5 16. Nxd5 exd5 17. Bd3 $14)
16. Nxf7 $1 Rxf7 17. Bxe6 (17. Qxe6 Nbd5) 17... Kf8 (17... Nbd5 18. Ne4 $40) (
17... Bd5 18. Nxd5 Nbxd5 19. Qf3 Nf6 20. Rc7 $16) 18. d5 $1 Ng6 (18... Nbxd5
19. Qe4) (18... Nexd5 19. Qh5 $40) 19. Qh5 Rf6 (19... Qh4 $2 20. Qxh4 Nxh4 21.
Bxf7 Kxf7 22. Rd4 $18) (19... Kg8 20. Ne4 $40) 20. Ne4 (20. Qxh7 Rxe6 21. dxe6
Qg5 $132) 20... h6 21. Nxf6 Qxf6 22. Rc7 {Ftacnik,L} 1-0

[Event "Rostock-10 GM Group"]
[Site "Rostock"]
[Date "1984.08.12"]
[Round "2"]
[White "Boensch, Uwe"]
[Black "Chekhov, Valery A"]
[Result "1/2-1/2"]
[WhiteElo "2425"]
[BlackElo "2535"]
[Annotator "Ftacnik,L"]
[PlyCount "30"]
[EventDate "1984.08.11"]
[EventType "tourn"]
[EventRounds "9"]
[EventCountry "DDR"]
[EventCategory "8"]
[SourceTitle "MCL"]
[Source "ChessBase"]
[SourceDate "1999.07.01"]
[SourceVersion "1"]
[SourceVersionDate "1999.07.01"]
[SourceQuality "1"]

1. d4 d5 2. c4 dxc4 3. e3 Nf6 4. Bxc4 e6 5. Nf3 a6 6. O-O c5 7. dxc5 Qxd1 8.
Rxd1 Bxc5 9. a3 (9. Nbd2 Ke7 10. Nb3 Bd6 11. Bd2 Nc6 $10) 9... b5 10. Be2 Bb7
11. b4 Be7 12. Bb2 Nbd7 13. Nbd2 O-O 14. Nb3 Rfc8 15. Rac1 Rxc1 1/2-1/2